Die größten Spieler der Bundesliga 2022/2023 - Statistiken

Allgemein
  • Dieses Quiz wurde 63 mal gespielt
  • Das Durchschnittsergebnis liegt bei 5 aus 20
Antwortstatistiken
Größe Verein Antwort % Korrekt
195cm BVB Gregor Kobel
75%
197cm FC Schalke 04 Ralf Fährmann
67%
197cm VfL Wolfsburg Koen Casteels
61%
196cm Werder Bremen Jiri Pavlenka
60%
196cm VfB Stuttgart Dan-Axel Zagadou
37%
197cm FC Augsburg Tomas Koubek
30%
195cm VfL Bochum Philipp Hofmann
23%
196cm 1. FSV Mainz 05 Ludovic Ajorque
19%
195cm FC Schalke 04 Michael Langer
18%
198cm VfL Bochum Michael Esser
16%
195cm 1.FC Köln Julian Chabot
14%
196cm VfB Stuttgart Luca Pfeiffer
12%
195cm FC Augsburg Doin Beljo
7%
196cm Werder Bremen Dudu
7%
199cm VfB Stuttgart Florian Schock
5%
196cm FC Schalke 04 Ibrahima Cisse
5%
196cm SC Freiburg Vincent Vermeij
5%
196cm 1899 Hoffenheim Joshua Quarshie
4%
196cm 1. FC Köln Matthias Köbbing
4%
198cm BVB Silas Ostrzinski
4%
Keine übereinstimmenden Quizze gefunden
Verteilung der Resultate
Anzahl Personen mit jedem Resultat
Perzentil nach korrekt beantworteten Fragen
Ihre Resultats-Entwicklung
Sie haben dieses Quiz noch nicht gespielt